00478nam a2200145Ia 4500003000900000008004100009040001600050080001600066110003400082245011700116260005600233300000900289650001500298650001900313IN-BaIIA211028s9999 xx 000 0 eng d cIIA Library a681.14bPHI aPhilips Gloeilanapenfabrieken 0aPhillps product bookbmagnetic core memories, what they are and how they functioncPhilips Gloeilanapenfabrieken aNetherlandbTechnical Publications Departmentc1968 a32p. aComponents aNASA Thesaurus